000 00236nam a2200097Ia 4500
008 230508s2000 xx 000 0 und d
041 _aeng
100 _aGULATI R.R.
245 _aCOMPOSIT SATELITE AND CABLE T V
260 _bNEW AGE
_c2000
999 _c332009
_d332009